000 01163nam a22003617a 4500
003 CHAP
005 20220817043742.0
008 010131d2000 it rn 00110 eng d
010 _a83425
011 _a84397
020 _a9251044732
035 _a94917
040 _cCHAP
082 0 4 _a632.93
_bF3 v.159
110 2 _aFAO
245 1 0 _aSeed policy and programmes in the Near East and North Africa
_c/by FAO
260 _aRome :
_bFAO,
_c2000.
300 _a233 p. :
_bcuadros
490 0 _aFAO. Producción y protección vegetal
_v; 159
590 _aBATCH-UPD
_b10
_c20130110
_lUCH01
_h1232
590 _aBATCH-UPD
_b10
_c20130410
_lUCH01
_h0802
590 _aBATCH-UPD
_b10
_c20130914
_lUCH01
_h1429
590 _aCONVERSION
_b10
_c20130109
_lUCH01
_h1346
650 1 4 _aPolítica agrícola
_xAfrica.
_990284
650 1 4 _aSemillas.
650 1 4 _aSemillas
_xConservación.
_9103886
650 1 4 _aSemillas
_xProducción.
_9103927
830 0 _aFAO. Producción y protección vegetal
_v; 159
_939654
901 _aBK
905 _aPatricia Mendoza P.
942 _cLIBRO
949 _a632.93 F3 v.159
_bBC
_cFAO
_d33724000814877
_eFAO1
_h99446
_i94917
_kDonaciØn
_sb
999 _c83425
_d83425